01239nas a2200277Ia 4500001001100000003000900011008004100020040001300061040001300074041001300087100003800100210001200138222001200150245007700162250001100239260002200250501008600272300001100358310001500369362003100384500026200415650004300677942000700720999001900727952021500746R142/77667IT-RoPAU151124c99999999xx |||||||||||| ||und|| aIT-RoPAU cIT-RoPAU aFRANCESE aAA.VV. gCodice Aut. SPICS: 12000 aRESEAUX aReseaux aRESEAUX, N.041 (MAGGIO/GIUGNO 1990)bReseaux, N.041 (Maggio/Giugno 1990) a1a ed. aPARISbCNETc1990 bPaulus - SPICS - Società San Paolo EM (non-commercial uses only)cCopyright2015 a136 p. aBIMESTRALE aN.041 (MAGGIO/GIUGNO 1990) aReti: Comunicazione, Tecnologia e Società. Numero su Impresa, Organizzazione e Comunicazione con Contributi di Autori Vari. Reti Professionali. Punto Sulla Comunicazione D'Impresa: Servizi della Voce e Dello Scritto, Telex,Telecopia, Reti di Trasmissione  aCOMUNICAZIONEvPUBBLICAZIONE PERIODICA cCR c190829d190829 0010406R_142_77667000000000071aSPICSbSPICSd2015-11-25l0oR142/77667r2015-11-25 00:00:00w2015-11-25yCRzProgr. Ins: 61277 / Copia rara: NO / date import: 25.11.2015 / By Epidotti, Trombetti, Vaglietti